| 000 | 00661nam a22002057a 4500 | ||
|---|---|---|---|
| 999 |
_c16783 _d16783 |
||
| 003 | AR-CdUCM | ||
| 008 | 190506b ||||| |||| 00| 0 spa d | ||
| 040 |
_aMUNICIPALIDAD PROVINCIAL DEL CUSCO _cBIBLIOTECA MUNICIPAL DEL CUSCO |
||
| 082 |
_a170 / _bK16 |
||
| 100 |
_aKant _926194 |
||
| 245 | _aCimentación para la metafísica de las costumbres / | ||
| 260 |
_aBuenos Aires : _bAguilar, _c1961. |
||
| 300 |
_a182 paginas ; _c16 cm. |
||
| 505 | _aContenido :Cimentación para la metafísica de las costumbres / | ||
| 650 |
_aImmanuel, Kant _94304 |
||
| 650 |
_aEtica _91337 |
||
| 650 |
_aFilosofia _9395 |
||
| 942 |
_2ddc _cLIBROS |
||
| 945 |
_arjall _d2019-05-06 |
||